| 000 | 00511nam a22001577a 4500 | ||
|---|---|---|---|
| 003 | NUST | ||
| 082 | _a200 | ||
| 100 |
_aTahir, Inshal _9109724 |
||
| 245 |
_aMachine Learning-based Detection of IoT Malware using System Call Data/ _cInshal Tahir, |
||
| 264 |
_aIslamabad : _bSEECS, NUST, _c2023. |
||
| 300 |
_a103 p. ; _c30 cm. |
||
| 650 |
_aMS-Information Security _927215 |
||
| 700 |
_aSupervisor: Dr. Sana Qadir _996818 |
||
| 856 | _uhttp://10.250.8.41:8080/xmlui/handle/123456789/32474 | ||
| 942 |
_2ddc _cSC |
||
| 999 |
_c593498 _d593498 |
||